00869 2200289 4500001002100000005001700021008004100038020001800079035002400097040001200121082000800133090001500141100001600156245012200172250001200294260003600306300001800342500002700360500005000387650003000437700003400467700001500501850001200516990001700528990001700545990001700562YOGYA-0209000006982620090227093301.0 ind  a979-415-087-8 0010-020900000069826 aYOPDYOG a221 a221bBak S aBAKKER, F.L aSejarah kerajaan Allahbperjanjian lamacF.L. Bakker ; penerjemah, K. Siagian ; editor, Staf Redaksi BPK Gunung Mulia aCet. 15 aJakartabBPK Gunung Muliac2007 a...jilc21 cm aYang diterima : Jil. 1 aJudul asli : Geschiedenis der gods openbaring aAlkitab - Perjanjian lama aStaf Redaksi BPK Gunung Mulia aSiagian, K aYOPDYOG a2232-PD/P.08 a2231-PD/P.08 a2233-PD/P.08